000 00697nam a2200181 4500
005 20260207160456.0
020 _a9788119131563
082 _a614
_bIQB.E
084 _2Colon Classification
100 _aഇക്ബാൽ ,ബി
_99683
100 _aIkbal ,B
_99684
240 _aEllavarkum arogyam:Arogyathinte samoohika, sambathika, rashtreeyamanaangal
245 _aഎല്ലാവർക്കും ആരോഗ്യം:ആരോഗ്യത്തിൻ്റെ സമൂഹിക, സാംബതിക, രാഷ്ട്രീയമാനങ്ങൾ
260 _aThiruvananthapuram:
_b Chintha Publishers,
_c2023.
300 _a241p.
650 _aHealth
942 _2ddc
_cGEN
999 _c755986
_d755986